| 000 | 03187ncm a2200457 a 4500 | ||
|---|---|---|---|
| 999 |
_c350404 _d350404 |
||
| 003 | BLK | ||
| 005 | 20250308161130.0 | ||
| 008 | 200401b bu ||||| |||| 00| 0 bu d | ||
| 040 | _aBLK | ||
| 041 |
_aBUL _cBUL |
||
| 080 |
_aДруги видове песни. - Естрада, джаз. Стари градски. Рок-и попмузика. Чалга(поп-фолк) _b784.7 _z784.7(497.2) _x(497.2) |
||
| 100 | 1 |
_aРусев, Тончо Русев _d1932 - 2018 _gКомпозитор _9117583 |
|
| 139 |
_aРусев, Тончо Русев _bР 94 |
||
| 245 |
_aЕстрадни песни [Нотирана музика] _bЗа соло пеене, вокални групи, съпровод на пиано и буквени означения за акордеон _cТончо Русев |
||
| 260 |
_9209430 _aСофия _bМузика _c1976 |
||
| 300 |
_a56 с. _c28 см _bс ноти |
||
| 380 | _a7 | ||
| 500 | _aСъдържа: Унес : за соло пеене, с1-с2 / текст Елисавета Багряна. Измислица : за соло пеене, g-b1 / текст Илия Буржев. Оня мой неизвестен връстник : за соло пеене, c1-es2 / текст Димитър Точев. Чарлстон : за соло пеене, f1-f2 / текст Дамян Дамянов. На тебе сине : за соло пеене, n-g2 / текст Георги Джагаров. Надеждата : за соло пеене, gis1-e2 / текст Димитър Керелезов. Да има всичко смисъл : за соло пеене, cis1-c2 и 2-гласна вокална група / текст Надежда Захариева. Търси се : за соло пеене, е1-с2 и 2-гласна вокална група / текст Валери Петров. Заръка : за соло пеене, с1-с2 / текст Надежда Захариева. Не в думите е щастието : за соло пеене, g-as1 и 2-гласна вокална група / текст Надежда Захариева. Щедро време : за соло пеене, e1-f2 / текст Дамян Дамянов. Звъни звънецът : за соло пеене, f1-e2 / текст Дамян Дамянов. Признание : за соло пеене, d1-a2 / текст Дамян Дамянов. Люлка : за соло пеене, b-b1 и 2-гласна вокална група / текст Дамян Дамянов. По жицата : за соло пеене, е-с2 / текст Георги Бакалов. | ||
| 852 | _aМ ІІ 7373 | ||
| 942 |
_cNOT _n0 _s1 |
||
| 944 |
_aCR _c2020-04-01 _lГеновева Генчева _k30560 |
||
| 999 | _d350404 | ||
| 999 | _d350404 | ||
| 999 | _d350402 | ||
| 999 | _d350399 | ||
| 999 | _d350397 | ||
| 999 | _d350375 | ||
| 999 | _d350374 | ||
| 999 | _d350372 | ||
| 999 | _d350368 | ||
| 999 | _d350366 | ||
| 999 | _d350365 | ||
| 999 | _d350362 | ||
| 999 | _d350360 | ||
| 999 | _d350358 | ||
| 999 | _d350354 | ||
| 999 | _d350352 | ||
| 999 | _d350348 | ||
| 999 | _d350346 | ||
| 999 | _d350342 | ||